00861cam a22002653a 450000100060000000300060000600500170001200800410002904000150007004200070008505000070009205000070009910000320010624500820013826000290022050600300024951600200027965300230029965300560032265300520037865300570043074000370048783000290052485600420055313658PGUSA20140828083307.0041006s2004||||xxu|||||s|||||000 1 eng d aPGUSAbeng adc 4aPT 4aDD1 aSamarow, Gregor,d1829-190310aDer Todesgruß der Legionen, 2. Bandh[electronic resource] /cGregor Samarow bProject Gutenberg,c2004 aPublic domain in the USA. aElectronic text aHistorical fiction aHannover (Germany : Province) -- History -- Fiction aGeorg V, King of Hannover, 1819-1878 -- Fiction aPrussia (Germany) -- History -- 1815-1870 -- Fiction0 aTodesgruss der Legionen, 2. Band 0aProject Gutenbergv1365840uhttp://www.gutenberg.org/ebooks/13658